000 01450nam a2200229Ia 4500
003 Ost
005 20260416102356.0
008 260416s9999||||xx |||||||||||||| ||und||
040 _cfsecg
041 _aara
082 _a519.7
100 _aالعايب، ياسين
_eمؤلف
245 0 _aرياضيات المؤسسة /
_c ياسين العايب
260 _aالجزائر
_bجامعة الجزائر3: كلية العلوم الإقتصادية، العلوم التجارية وعلوم التسيير
_c2020
300 _a111 ورقة
_bايضاحات
_c30 سم
504 _aمراجع ص.111
520 _aعرض إمكانية و كيفية ترجمة أي مشكلة على شكل نموذج رياضي مع بعض الامثلة الأكثر شوعا و كذا استعراض طرق و خوارزميات حل نماذج البرمجة لبخطية م تناول الشكل الثنائي و هو نموذج رياضي مرتبط بعلاقة رياضية تامة مع أي نمودج برمجة خطية ثم بعد ذلك تحليل حساسية النتائج لأي تغيرات محتملة في احد معطيات المشكلة المدروسة .
653 _aالبرمجة الخطية
653 _aالبرمجة(رياضيات)
710 _aجامعة الجزائر3: كلية العلوم الإقتصادية، العلوم التجارية وعلوم التسيير
_eناشر علمي
942 _cHANDOUT
999 _c41214
_d41214